000 00789nam a2200193Ii 4500
003 JO-AjNU
008 230605s9999||||xx |||||||||||||| ||und||
040 _aJO-AjNU
_bara
_erda
_cJO-AjNU
041 _aara
050 1 4 _aPJ7503.T36.1973
100 3 _aتأليف: التنوخي، القاضي ابي علي المحسن بن علي ؛ تحقيق: عبود الشالجي,
_eauthor
_958972
245 0 0 _aنشوار المحاضرة واخبار المذاكرة، ج8=THE TABLE-TALK OF A MESOPOTAMIAN JUDGE
264 3 1 _aد.م: د.ن،1973
300 _aج8: 323ص
_bيحتوي على فهرس من ص275-323
336 _atext
_btxt
_2rdacontent
337 _aunmediated
_bn
_2rdamedia
338 _avolume
_bnc
_2rdacarrier
650 4 _aالأدب العربي -- مجموعات
_958973
999 _aA26514
_c30082
_d30082